000134430 001__ 134430 000134430 005__ 20210628135245.0 000134430 010__ $$a 000134430 020__ $$a0-13-207148-7 000134430 020__ $$a9780132071482 000134430 0247_ $$2GVK$$aGVK:627596169 000134430 037__ $$aERESRWTH-2021-00072 000134430 041__ $$aEnglish 000134430 082__ $$a006.3 000134430 1001_ $$aRussell, Stuart J.$$b0 000134430 245__ $$aArtificial intelligence : A Modern Approach 000134430 250__ $$a3. ed., internat. ed. 000134430 260__ $$aBoston [u.a.]$$bPearson$$c2010 000134430 29510 $$a[Print] Artificial intelligence : a modern approach / Russell, Stuart J. ; Norvig, Peter 3. ed., internat. ed., Boston [u.a.] : Pearson, 2010, 000134430 300__ $$a1-33 000134430 3367_ $$2ORCID$$aBOOK_CHAPTER 000134430 3367_ $$07$$2EndNote$$aBook Section 000134430 3367_ $$2DRIVER$$abookPart 000134430 3367_ $$2BibTeX$$aINBOOK 000134430 3367_ $$2DataCite$$aOutput Types/Book chapter 000134430 3367_ $$0PUB:(DE-HGF)7$$2PUB:(DE-HGF)$$aContribution to a book$$bcontb$$mcontb$$s1624871551_7174 000134430 4900_ $$aPrentice-Hall series in artificial intelligence 000134430 500__ $$aBestand in der Universitätsbibliothek RWTH Aachen: Lehrbuchsammlung: 01:ST 300 0004+3 ; Informationszentrum: FNT:ST 300 0004+3=1 ; Literaturverz. S. 1063 - 1093; English 000134430 588__ $$aDataset connected to GVK 000134430 650_7 $$0(DE-588)4033447-8$$2gnd$$aKünstliche Intelligenz 000134430 650_0 $$aArtificial intelligence 000134430 7001_ $$aNorvig, Peter$$b1 000134430 8564_ $$uhttps://reserves.ub.rwth-aachen.de/record/134430/files/ERESRWTH-2021-00072.pdf$$yRestricted 000134430 909CO $$ooai:reserves.ub.rwth-aachen.de:134430$$pVDB 000134430 9151_ $$0StatID:(DE-HGF)2100$$2StatID$$aDigitalisierungsanfrage / Digitization request$$x0 000134430 9201_ $$0I:(DE-RON)21ss-41.04544$$k21ss-41.04544$$lInformatik im Maschinenbau I (VO) [21ss-41.04544]$$x0 000134430 961__ $$c2021-06-28T11:18:41.701201$$i2021-06-24T16:12:35.887703$$x2021-06-24T16:12:35.887703$$z2021-06-28T11:18:41.701201 000134430 980__ $$acontb 000134430 980__ $$aVDB 000134430 980__ $$aI:(DE-RON)21ss-41.04544 000134430 980__ $$aUNRESTRICTED
